Nonpoint pollution and urban stormwater management

Saved in:
Bibliographic Details
Other Authors: Novotny, Vladimir 1938- (Editor)
Format: Book
Language:English
Published: Lancaster : Technomic Publications, c1995
Series:Water quality management library ; ; 9
Subjects:
Tags: Add Tag
No Tags, Be the first to tag this record!

MARC

LEADER 00000nam a2200000 i 4500
001 1/17494
008 981006s1995 eng d
020 |a 1-56676-305-3 
035 |l 10020579 
040 |a GR-MY-UA  |b gre  |e aacr 
041 0 |a eng 
082 0 |a 628.5 
245 1 0 |a Nonpoint pollution and urban stormwater management /  |c Edited by Vladimir Novotny 
260 |a Lancaster :   |b Technomic Publications,   |c c1995 
300 |a xv, 434 p.  |b fig.; tabl. 
490 1 |a Water quality management library  |v ; 9 
504 |a Includes bibliographical references and index 
650 0 0 |a Nonpoint source pollution. 
650 0 0 |a Urban runoff  |x Management. 
700 1 |a Novotny, Vladimir  |d 1938-  |4 edt 
830 0 |a Water quality management library ;  |v ; 9 
852 |a INST  |b LESVOS  |e 19981006  |h 628.5 NON  |p 005100012893  |q 005100012893  |t BK  |y 0 
901 |a BIBL-1998-3 
909 |a Λ  |b 059170 
922 |a 1ΕΛΗ  |b 199809  |c ΚΠΣ/ΤΠ  |d ΠΑΠΑΣΩΤΗΡΙΟΥ 
950 |a 107-1998-06-03